Statistics for Baseball Team Names In Spanish

Click here to take the quiz!

General Stats

  • This quiz has been taken 164 times
  • The average score is 18 of 23

Answer Stats

HintAnswer% Correct
PiratasPirates
100%
AngelinosAngels
99%
GigantosGiants
99%
IndiosIndians
99%
NacionalesNationals
99%
AthleticosAthletics
97%
BravosBraves
97%
YanquisYankees
97%
TigresTigers
95%
MarinerosMariners
94%
CardenalesCardinals
91%
RayasRays
91%
RojosReds
88%
FilisPhillies
87%
Medias RojasRed Sox
83%
Medias BlancasWhite Sox
82%
RealesRoyals
70%
AzulejosBlue Jays
68%
CervecerosBrewers
38%
VigilantesRangers
34%
CachorrosCubs
21%
CascabelesDiamondbacks
18%
MellizosTwins
18%

Score Distribution

Percentile by Number Answered

Percent of People with Each Score

Your Score History

You have not taken this quiz